000 00660cam a22002413a 4500
001 10523
003 PGUSA
005 20140828083225.0
008 031201s2003||||xxu|||||s|||||000 | eng d
040 _aPGUSA
_beng
042 _adc
050 4 _aPA
100 1 _aEuripides,
_d--406
245 1 0 _aAlcestis
_h[electronic resource] /
_cEuripides
260 _bProject Gutenberg,
_c2003
506 _aPublic domain in the USA.
516 _aElectronic text
653 _aAlcestis (Greek mythology) -- Drama
700 1 _aMurray, Gilbert,
_d1866-1957
830 0 _aProject Gutenberg
_v10523
856 4 0 _uhttp://www.gutenberg.org/ebooks/10523
942 _cEB
999 _c239778
_d239778